000 00339nam a2200145Ia 4500
008 181130s2018 xx 000 0 und d
100 _aKumar, Ankush
245 _aSanitation roadmap for clean India
260 _c2018
300 _ap.48-50.
504 _dJun
650 _aSanitation
773 _aKurukshetra
906 _aSanitation
999 _c506803
_d506803